1784 1591 1249 1046 1303 1017 1724 1913 1463 1416 1753 1178 1687 1219 1756 1078 1312 1471 1124 1794 1560 1958 1960 1104 1954 1522 1188 1791 1956 1008 1503 1250 1757 1377 1239 1309 1983 1082 1135 1364 1708 1796 1587 1772 1597 1254 1867 1915 1225 1505 1463 1263 1079 1387 1534 1305 1638 1138 1688 1768 1690 1384 1527 1180 1592 1217 1499 1499 1828 1794 1638 1603 1199 1500 1651 1171 1291 1897 1855 1570 1762 1501 1268 1839 1887 1456 1732 1800 1801 1817 1568 1793 1543 1677 1766 1845 1034 1789 1346 BCNSPRNW ULIB Ver.6.0+V

เปลี่ยนเป็นภาษาไทย

Change to English
 แสดงรายละเอียดบรรณานุกรม
  กลับหน้าหลัก

Brief Record : Get Marc (ISO 2709) : E-mail record : QR code < ปิดหน้าต่าง
LEADER : 00000nam 2200000uu 4500
001    13399120401
003     ULIB
008    120919s2550||||th 000 0 tha d
020    ^a9789749897942
060 04 ^aWQ100^bส736ร 2550
245 00 ^aเรื่อง(ไม่)ลับของคุณผู้หญิง /^cคณะแพทยศาสตร์จุฬาลงกรณ์มหาวิทยาลัย ; บรรณาธิการ, สุกัญญา ชัยกิตติศิลป์ ... [และคนอื่นๆ]
246 30 ^aเรื่อง(ไม่)ลับ...ของคุณผู้หญิง
246 30 ^aเรื่อง(ไม่)ลับของคุณผู้หญิง
250    ^aพิมพ์ครั้งที่ 1
260    ^aกรุงเทพฯ :^bสรรพสาร,^c2550
300    ^a88 หน้า :^bภาพประกอบ ;^c21 ซม.
440  0 ^aความรู้ทางการแพทย์สู่ประชาชน
650  7 ^aสตรี^xสุขภาพและอนามัย
700 0  ^aสุกัญญา ชัยกิตติศิลป์,^eบรรณาธิการ
710 2  ^aจุฬาลงกรณ์มหาวิทยาลัย. ^bคณะแพทยศาสตร์
945    ^p90^l0^i18110
995    ^aกัณชพร
999 ^a ใช้งานได้ทุกระบบ
รายการนี้ยังไม่มีแท็ก
คุณยังไม่ได้ล็อกอิน คุณสามารถมีกิจกรรมร่วมกับเว็บไซต์ได้ แต่ต้องล็อกอินก่อน ::
  ล็อกอิน

รายการสื่อสารสนเทศ

ลำดับที่ ประเภท เลขเรียก/บาร์โค้ด สถานที่ สถานะ
1. วิทยาศาสตร์การแพทย์ และสุขภาพ
วิทยาศาสตร์การแพทย์ และสุขภาพ
WQ100 ส736ร 2550  
  Barcode: 18110
ห้องสมุดวิทยาเขตนครสวรรค์
►ส่วนจัดเก็บหนังสือเก่า นว.
บนชั้น
  ขอยืม

BibComment


ยังไม่เคยถูกคอมเมนท์

คอมเมนท์ทรัพยากรรายการนี้
  คอมเมนท์: เรื่องไม่ลับของค..


 Copyright 2026. Bcnsprnw @Library